[Event "COL-ch U12"]
[Site "Choconta"]
[Date "2023.03.19"]
[Round "4"]
[White "Estupinan Rodriguez, David Arturo"]
[Black "Cuevas Najar, Jose Alejandro"]
[Result "1-0"]
[WhiteElo "1226"]
[BlackElo "1300"]
[PlyCount "46"]
[EventDate "2023.03.17"]
[EventType "swiss"]
[EventRounds "7"]
[EventCountry "COL"]
[SourceTitle "CBM 213 Extra"]
[Source "ChessBase"]
[SourceDate "2023.05.31"]
[SourceVersion "1"]
[SourceVersionDate "2023.05.31"]
[SourceQuality "1"]

1. e4 e5 2. Nf3 Nc6 3. Nc3 Nf6 4. Bb5 a6 5. Ba4 Bc5 6. Nxe5 Nxe5 7. d4 Bd6 8. dxe5 Bxe5 9. Bg5 0-0 10. Qd2 d6 11. 0-0-0 Be6 12. Kb1 b5 13. Bb3 a5 14. Nxb5 a4 15. Bd5 a3 16. Bxa8 Qxa8 17. Nxa3 Qb8 18. c3 Nxe4 19. Qe3 d5 20. f3 Bd6 21. b4 c6 22. fxe4 c5 23. b5 Qb6 1-0